Countries beginning with the last 5 letters of the English alphabet - Statistics

General Stats
  • This quiz has been taken 21 times
  • The average score is 7 of 7
Answer Stats
Starting letter Answer % Correct
Y Yemen
100%
Z Zambia
100%
Z Zimbabwe
100%
V Vanuatu
95%
V Venezuela
95%
V Vietnam
95%
V Vatican city
89%
No matching quizzes found
Score Distribution
Percent of People with Each Score
Percentile by Number Answered
Your Score History
You have not taken this quiz